عرض عادي عرض مارك
  • Peace

دخول Topical Term

عدد التسجيلات المستخدمة: 1

001 - CONTROL NUMBER

  • control field: 28342

003 - CONTROL NUMBER IDENTIFIER

  • control field: AE-AdECS

005 - DATE AND TIME OF LATEST TRANSACTION

  • control field: 20260406102506.0

008 - FIXED-LENGTH DATA ELEMENTS

  • fixed length control field: 260406|| aca||aabn | a|a d

040 ## - CATALOGING SOURCE

  • Original cataloging agency: AE-AdECS
  • Transcribing agency: AE-AdECS

150 ## - HEADING--TOPICAL TERM

  • Topical term or geographic name entry element: Peace
  • General subdivision: building
  • Geographic subdivision: Somalia

670 ## - SOURCE DATA FOUND

  • Source citation: Work cat.: (AE-AdECS)294657: Alblooshi, Kalthoum, author 28319, Adapting Counterterrorism Frameworks Comparative Analysis of the AMISOM and ATMIS missions in Somalia from 2007 to 2024 /

أبوظبي، الإمارات العربية المتحدة

reference@ecssr.ae

97124044780 +

حقوق النشر © 2026 مركز الإمارات للدراسات والبحوث الاستراتيجية جميع الحقوق محفوظة